| 000 | 01485namaa22003251i 4500 | ||
|---|---|---|---|
| 005 | 20260402121555.0 | ||
| 008 | 260402s1995 ua a|||frm||| 000 0 eng d | ||
| 040 |
_aEG-GICUC _beng _cEG-GICUC _dEG-GICUC _erda |
||
| 041 | 0 |
_aeng _beng _bara |
|
| 049 | _aDeposit | ||
| 097 | _aPh.D | ||
| 099 | _aCai01.08.07.Ph.D.1995.Am.P. | ||
| 100 | 0 |
_aAmal EL-Sayed Mohamed Khaleel, _epreparation. |
|
| 245 | 1 | 0 |
_aA Phytochemical And Morphological Study Of Certain Bauhinia And Bassia Spcies Growing In Egypt / _cBy Amal EL-Sayed Mohamed Khaleel; Under The Supervision Of Prof.Dr. Ghanem A. EL-Hossary,. Prof.Dr. Mohamed A.Selim, Dr. Aly Mohamed EL-Sayed. |
| 246 | 1 | 5 | _aدراسة كيميائية ومورفولوجية لأنواع معينة من جنس بوهينيا وباسيا التي تنمو في مصر / |
| 264 | 0 | _c1995. | |
| 300 |
_a216 pages : _billustrations ; _c30 cm. + |
||
| 336 |
_2rda content _atext |
||
| 337 |
_2rdamedia _aUnmediated |
||
| 338 |
_2rdacarrier _avolume |
||
| 502 | _aThesis (Ph.D)-Cairo University, 1995. | ||
| 504 | _aBibliography: pages 205-216. | ||
| 653 | 0 | _aPharmacognosy | |
| 700 | 0 |
_aGhanem A. EL-Hossary _ethesis advisor. |
|
| 700 | 0 |
_aMohamed A.Selim _ethesis advisor. |
|
| 700 | 0 |
_aAly Mohamed EL-Sayed _ethesis advisor. |
|
| 900 |
_DDepartment of Pharmacognosy _FFaculty of Pharmacy _UCairo University _b1995 _cGhanem A. EL-Hossary _cMohamed A.Selim _cAly Mohamed EL-Sayed |
||
| 905 | _aEman El gebaly | ||
| 942 |
_2ddc _cTH _e21 _n0 |
||
| 999 | _c179147 | ||